The making of Golden Gate Park : the early years, 1865-1906 /
Saved in:
| Main Author: | |
|---|---|
| Format: | Book |
| Language: | English |
| Published: |
San Francisco :
California Living Books,
c1980.
|
| Edition: | 1st ed. |
| Subjects: | |
| Tags: |
Add Tag
No Tags, Be the first to tag this record!
|
| LEADER | 01489nam a2200325 a 4500 | ||
|---|---|---|---|
| 001 | 001069337-8 | ||
| 005 | 20080513102727.0 | ||
| 008 | 820928s1980 cauabcf b 00110 eng | ||
| 010 | |a 79051159 //r893 | ||
| 020 | |a 0893950246 : |c $25.00 | ||
| 020 | |a 0893950254 (pbk.) | ||
| 020 | |a 0893950246 (hdbk.) | ||
| 035 | 0 | |a ocm06993030 | |
| 040 | |a DLC |c DLC | ||
| 043 | |a n-us-ca | ||
| 050 | 0 | |a F869.S37 |b G642 1980 | |
| 082 | 0 | |a 979.4/61 |2 19 | |
| 100 | 1 | |a Clary, Raymond H. | |
| 245 | 1 | 4 | |a The making of Golden Gate Park : |b the early years, 1865-1906 / |c Raymond H. Clary ; with an introduction by Alan D. Cline. |
| 250 | |a 1st ed. | ||
| 260 | 0 | |a San Francisco : |b California Living Books, |c c1980. | |
| 300 | |a xiv, 192 p., [1] p. of plates : |b ill., maps, ports. ; |c 21 x 26 cm. | ||
| 504 | |a Includes bibliographical references (p. 186-187) and index. | ||
| 505 | 0 | |a Birth of American parks -- William Hammond Hall -- Beginning of Golden Gate Park -- Visionary plan of William Hammond Hall -- William Bond Pritchard -- Politics in the park -- Dark years -- Mooneysville, U.S.A. -- New regime -- Children's playground -- Slow years -- Midwinter Fair -- Business as usual -- New city charter -- Great disaster -- Beyond the earthquake -- Epilogue. | |
| 650 | 0 | |a Parks |z California |z San Francisco. | |
| 651 | 0 | |a Golden Gate Park (San Francisco, Calif.) |x History. | |
| 651 | 0 | |a San Francisco (Calif.) |x Social life and customs. | |
| 655 | 7 | |a History. |2 fast | |
| 988 | |a 20020608 | ||
| 906 | |0 DLC | ||


